000 00472nam a22001577a 4500
003 OSt
005 20220914233408.0
008 220914b |||||||| |||| 00| 0 eng d
040 _cBiblioteca Lado V
082 _a750
_bSCH325f
100 _aSchepers, Jörg
245 _aFabrizio Plessi/
_bLa Rocca Elettronica Videoinstallazioni e Disegni/
260 _aPerugia
_bPhilips
_c1995
300 _a187p.
_c21.5x28cm
942 _2ddc
_c1
_h750
_iSCH325f
_n0
999 _c2028
_d2028